00873nam a2200241 a 450000100100000000500170001000800410002702000150006804000250008308200150010810000330012324501270015626000310028330000210031449000140033550400290034970000340037870000320041270000340044483000230047895201130050199900170061400004400320201002045103.0140513s1988 sp 000 0 spa d a843441077X aDO-SdBNPbspacBNPHU axxxxbxxxx1 aBosch Font, Francisco97196713aLa educación en España :buna perspectiva económica /cFrancesc Bosch, Javier Díaz Malledo ; prólogo Mark Blaug. aBarcelona :bAriel,c1988. a239 p. ;c21 cm.1 aArielv77 aBibliografía: p. [233]12aDíaz Malledo, Javier97196812aBlaug, Markepról.97196912aDíaz Malledo, Javier971968 0aAriel ;n77971970 001050718MOaGRbGRcCTd2014-05-13iLF1l0oxxxx xxxxp44003-10r2020-06-25w2020-06-25y1ZNo se presta c43492d43492